000
00297nam a22001217a 4500
008
160523b xxu||||| |||| 00| 0 eng d
020
_a
9781133954088
020
_a
1133954081
041
_a
eng
080
_a
615
245
_a
Physics for scientists and engineers:
_c
Serway Jawett;
942
_2
udc
_c
BK
999
_c
2387
_d
2387